000 00319nam a22001337a 4500
008 171024b xxu||||| |||| 00| 0 eng d
020 _a2900534359262
041 _aeng
080 _25 ed
_a311
100 _a55
101 _aSTA
245 _aSTATISTIC FOR THE BEHAVIORAL SCIENCES
_cWALLNAU.L.B
942 _2udc
_cBK
999 _c35730
_d35730